000 01044cam a2200193 4500
001 ABS64483
008 011008n2001 000 0 eng u
035 _a(Sirsi) u115030
245 _aBuilding partnerships
260 _c2001
490 _aEstates Gazette
_v(0140) 6 October 2001, 158-159(2)
520 _aA "mainly for students" article which looks at the benefits of partnering, and compares it to traditional procurement. The National Audit Office Report "Modernising Construction", which was published in January 2001, suggested that construction costs in the UK could be cut by up to 30% if the industry, and its clients, adopted a more collaborative approach to construction procurement. Government is thus very keen to encourage the adoption of partnering, which involves clients and contractors establishing long-term, contractual relationships for their mutual benefit.
590 _aABS
650 _aMAINLY FOR STUDENTS
650 _aPARTNERING
650 _aProcurement-old
690 _aProcurement
_96260
942 _n0
999 _c68509
_d68509